Регионална библиотека "Любен Каравелов" - Русе

Пионерска символика (Запис номер 172759)

MARC детайли
000 -Лидер
Контролно поле с фиксирана дължина nam a22 a 4500
003 - Код на организацията, давaща контролен номер
Контролно поле BLK
005 - Дата и час на последна редакция
Контролно поле 20221107152713.0
008 - Елементи от данни с фиксирана дължина
fixed length control field 180411b bul|||||r ||||||| ||bul||
010 ## - Наследен системен номер
LC control number KNG00181120000
040 ## - Източник на каталожния запис
Идентификатор на билиотеката - собственик на записа BLK
041 ## - Код за език
Код за езика на текст/звукозапис или на отделно заглавие Български
Код за езика КДБФ Български
080 ## - УДК
Текстов определител УДК Политически и национални младежки движения
УДК код - определител по УДК 329.78
УДК определител -053.5
УДК - код + определител 329.78-053.5
139 ## - Редно поле
Редна дума Пионерска символика
Авторски знак Пил - П 52
245 10 - Сведения за заглавието
Заглавие Пионерска символика
Подзаглавни данни Сб. от материали
Редно поле (дума) състав. Виолета Гатева; състав. Милка Делева.
257 ## - Страна на издаване
Страна на създаване/издаване България
260 ## - Област на издателските данни
Място на издаване, разпространение и проч. София
Име на издателя, разпространителя и проч. Нар. младеж
Година на издаване 1977
300 ## - Физическа характеристика
Страници 136 с.
Илюстрации и др. с ноти, 8 л. ил.
Размери/Мащаб 20 см
380 ## - Жанр
Жанр Детска отраслова лит.
500 ## - Общи забележки
Забележка Смисъл и съдържание на пионерските символи: знаме, герб, пионерска връзка и др. - 15 141 тир.
650 #4 - Допълнително описание по предмет – тема
Основно описание – тема или топоним Пионерски организации - България
9 (RLIN) 253268
653 ## - Ключова дума – ненормативна
Ключова дума пионерски организации
653 ## - Ключова дума – ненормативна
Ключова дума символи
700 1# - Други автори (авторска отговорност)
Лично име Гатева, Виолета
Автороска отговорност (Описва отношението между автора и произведението) състав.
9 (RLIN) 377185
700 1# - Други автори (авторска отговорност)
Лично име Делева, Милка
Автороска отговорност (Описва отношението между автора и произведението) състав.
9 (RLIN) 339339
852 ## - Местоположение
Форматна сигнатура Цб 109888
856 4# - Електронен адрес и достъп
Електронен формат pdf - файл
Инструкция (цена за достъп) 0.00
Права за достъп disable
856 4# - Електронен адрес и достъп
Електронен формат pdf - файл
Инструкция (цена за достъп) 0.00
Права за достъп disable
999 ## - СИСТЕМНИ КОНТРОЛНИ НОМЕРА
Koha biblionumber 172759
Koha biblioitemnumber 172759
942 ## - АРТИКУЛИ
Вид на библиотечния материал Книги
Скрит в OPAC Не
Периодичен библиозапис Да
944 ## - СЪЗДАВАНЕ И РЕДАКЦИЯ на ЗАПИСА
Създаване/Редакция Създаване
Дата на регистрацията/редакция 07.09.2015
Служител, извършил регистрацията/редакцията Валя_Йорданова
944 ## - СЪЗДАВАНЕ И РЕДАКЦИЯ на ЗАПИСА
Създаване/Редакция Редакция
Дата на регистрацията/редакция 07.09.2015
Служител, извършил регистрацията/редакцията Валя_Йорданова
999 ## - СИСТЕМНИ КОНТРОЛНИ НОМЕРА
Koha biblioitemnumber 172759
Наличности
Код за отписване Код за изгубен артикул Източник на класификационната схема Код за повреда Коз за рестрикции Код за отдаване Артикулен № Име на библиотеката - собственик Име на библиотеката, в която се намира в момента Статус (Текущо местоположение) Дата на вписване в системата Местоположение - отдел Цена в лева Инвентарен номер Систематично азбучна сигнатура Баркод Номер на екземпляра Цена в евро Служебна бележка Служебен тип на артикула
Изтеглен Не е изгубен Universal Decimal Classification Не е повреден без рестрикции заемане за дома 294623 Регионална библиотека "Любен Каравелов" Русе Регионална библиотека "Любен Каравелов" Русе Детски отдел 1977-01-01 Детски отдел 0.00 250481 Д 3/П 21 250481 1 0.00 N: Сф Дата: 01.01.1977 Книги
  Не е изгубен Universal Decimal Classification Не е повреден само за читалня ползва се в читалня 810436 Регионална библиотека "Любен Каравелов" Русе Регионална библиотека "Любен Каравелов" Русе Хранилище 2021-02-04 Хранилище 0.70 249801 Цб 90223 120000249801   0.36   Книги
Vip Innovations Ltd, Rousse, Bulgaria 2025